000
00287nam a2200109Ia 4500
003
GCL
008
140319s9999 xx 000 0 eng d
040
_a
GCL /
_c
GCL
082
0
4
_a
400
_b
C C
245
1
0
_a
THE CAMBRIDGE ENCYCLOPEDIA OF LANGUAGE
260
_a
[S.N] :
_b
Macmillan Publishing Company
999
_c
17968
_d
17968